Ricerche di storiografia latina tardoantica

Guardat en:
Dades bibliogràfiques
Autor principal: Zecchini, Giuseppe (Autor)
Format: Llibre
Idioma:italià
Publicat: Roma L`Erma 2011
Edició:1a. ed
Matèries:
Etiquetes: Afegir etiqueta
Sense etiquetes, Sigues el primer a etiquetar aquest registre!

MARC

LEADER 00000cam a2200000 a 4500
001 UCC5060
003 CL-VaPUC
008 180913e20110000it |||||||||||||||||ita|d
020 |a 9788882656089 
082 0 4 |a 938.072  |b ZEC  |2 21 
100 0 |a Zecchini, Giuseppe  |e author  |9 599360 
245 1 0 |a Ricerche di storiografia latina tardoantica 
250 |a 1a. ed 
300 |a v 
942 |c BK 
945 |d 20180913 22:58:00  |a dcastane 
260 |a Roma  |b L`Erma  |c 2011 
500 |a v.2: dall`Historia Augusta a Paolo Diacono 
650 0 |a Historiografía romana   |9 447319 
650 0 |a Historia antigua  |9 267521 
583 |a last modification  |c 20180913 22:58:00  |k Rodrigo Vera 
999 |c 372400  |d 372398 
952 |0 0  |1 0  |3 erb  |4 0  |6 938_072000000000000_ZEC_2011  |7 0  |8 A  |9 490041  |a BIBHIS  |b BIBHIS  |h v.2  |i 5501660  |o 938.072 ZEC 2011  |p 5501660  |r 2025-01-20  |w 2019-11-24  |y BK  |z Catalogado en:20180913  |k HIS